Motivácia zamestnancov vo vybranom podniku v čase svetovej hospodárskej krízy bakalárska práca

Uložené v:
Podrobná bibliografia
Hlavný autor: Šafran, Peter
Korporativný autor: Podnikovohospodárska fakulta EU so sídlom v Košiciach. Katedra manažmentu
Ďalší autori: Halagová, Lýdia
Médium: Kniha
Jazyk:Slovak
Vydavateľské údaje: Košice 2011
Tagy: Pridať tag
Žiadne tagy, Buďte prvý, kto otaguje tento záznam!

MARC

LEADER 00000nbm a2200000 4500
001 0155310
005 20120627091214.7
041 0 |a slo 
044 |a SK 
245 1 0 |a Motivácia zamestnancov vo vybranom podniku v čase svetovej hospodárskej krízy  |b bakalárska práca  |c Peter Šafran ; školiteľ: Lýdia Halagová 
264 1 |a Košice  |c 2011 
300 |a 50 s. 
100 1 |a Šafran, Peter 
700 1 |a Halagová, Lýdia 
710 2 |a Podnikovohospodárska fakulta EU so sídlom v Košiciach. Katedra manažmentu